000 00483nam a2200181Ia 4500
001 2680
005 20260306144824.0
008 260306t2013||||xx |||||||||||||| ||spa||
041 _aESP
082 _a210
_bL42
100 _aLeibniz, Gottfried W.
_eAUT
245 0 _aEnsayos de teodicea:
_bsobre la bondad de Dios, la libertad del hombre y el origen del mal
260 _c2013
300 _a415 páginas :
_c24 cm.
650 _aGEN
654 _aCHU
942 _cLIB
_dJUS
_fJUS
_2ddc
_n
999 _c2680
_d2680